000 00511nam a22001697a 4500
005 20251108170828.0
008 250721s9999 xx 000 0 ara d
082 1 4 _aط/662/شار
100 1 _aالشاروني، يعقوب
245 1 0 _aطفولة النار /
264 1 _aبيروت :
_bالدار المصرية اللبنانية،
_c[19-].
300 _a16 ص.مص.
650 1 7 _aالقصص العربية
653 _aناشئون صغار ( 10- 14سنة )
942 _2ddc
_cBK
999 _c49970
_d49970